logo

Bir Sreshtho Munshi Abdur Rouf Library
Jhenaidah Cadet College

Blink : (Record no. 12003)

MARC details
000 -LEADER
fixed length control field 02069nam a2200301 a 4500
001 - CONTROL NUMBER
JCCL Control Number 12003
003 - CONTROL NUMBER IDENTIFIER
JCCL marc code BD-JhCC
005 - DATE AND TIME OF LATEST TRANSACTION
control field 20210927134021.0
008 - FIXED-LENGTH DATA ELEMENTS--GENERAL INFORMATION
fixed length control field 040614s2005 nyuc b 001 0 eng
020 ## - INTERNATIONAL STANDARD BOOK NUMBER
International Standard Book Number 0316172324
020 ## - INTERNATIONAL STANDARD BOOK NUMBER
International Standard Book Number 9780141014593
035 ## - SYSTEM CONTROL NUMBER
system control number (BD-JhCC)12003
040 ## - CATALOGING SOURCE
Original cataloging agency DLC
Transcribing agency DLC
Modifying agency IG#
-- ILC
-- BUR
-- DLC
-- BD-JhCC
041 ## - LANGUAGE CODE
Language code of Book eng
050 00 - LIBRARY OF CONGRESS CALL NUMBER
Classification number BF448
Item number .G53 2005
082 00 - DEWEY DECIMAL CLASSIFICATION NUMBER
Classification number 153.4/4
DDC Edition number 22
Author mark and Year GLA 2005
100 1# - MAIN ENTRY--PERSONAL NAME
Personal name Gladwell, Malcolm,
Dates associated with a name 1963-
245 10 - TITLE STATEMENT
Title Blink :
Remainder of title the power of thinking without thinking /
Statement of responsibility, etc Malcolm Gladwell.
250 ## - EDITION STATEMENT
Edition statement 1st ed.
260 ## - PUBLICATION, DISTRIBUTION, ETC. (IMPRINT)
Place of publication, distribution, etc New York :
Name of publisher, distributor, etc Little, Brown and Co.,
Date of publication, distribution, etc 2005.
300 ## - PHYSICAL DESCRIPTION
Pagination viii, 296 p. :
Other physical details ports. ;
Dimensions 21 cm.
504 ## - BIBLIOGRAPHY, ETC. NOTE
Bibliography, etc Includes bibliographical references and index.
505 0# - FORMATTED CONTENTS NOTE
Formatted contents note The statue that didn't look right -- The theory of thin slices : how a little bit of knowledge goes a long way -- The locked door : the secret life of snap decisions -- The Warren Harding error : why we fall for tall, dark, and handsome men -- Paul Van Riper's big victory : creating structure for spontaneity -- Kenna's dilemma : the right-and wrong-way to ask people what they want -- Seven seconds in the Bronx : the delicate art of mind-reading -- Conclusion: listening with your eyes : the lessons of blink.
520 ## - SUMMARY, ETC.
Summary, etc How do we think without thinking, seem to make choices in an instant--in the blink of an eye--that actually aren't as simple as they seem? Why are some people brilliant decision makers, while others are consistently inept? Why do some people follow their instincts and win, while others end up stumbling into error? And why are the best decisions often those that are impossible to explain to others? Drawing on cutting-edge neuroscience and psychology, the author reveals that great decision makers aren't those who process the most information or spend the most time deliberating, but those who have perfected the art of filtering the very few factors that matter from an overwhelming number of variables.
650 #0 - SUBJECT ADDED ENTRY--TOPICAL TERM
Topical term or geographic name as entry element Decision making.
650 #0 - SUBJECT ADDED ENTRY--TOPICAL TERM
Topical term or geographic name as entry element Intuition.
942 ## - ADDED ENTRY ELEMENTS (KOHA)
Source of classification or shelving scheme Dewey Decimal Classification
Koha item type Books
Koha issues (borrowed), all copies 2
Holdings
Source of classification or shelving scheme Damaged status Not for loan Home library Current library Shelving location Date of accession Cost, normal purchase price Total Checkouts Full call number Barcode Date last seen Date checked out Copy number Koha item type
Dewey Decimal Classification     JCC Rouf Library JCC Rouf Library General Stacks 03/03/2021 848.00 5 153.4/4 GLA 2005 16570 10/22/2024 09/24/2024 C-1 Books

JCC Library | Contacts | JCC Home

Last Update on 23 September 2017
Copyright @ 2017-2020 JCC Rouf Library
Rouf Library, Jhenidah Cadet College (JCC), Bangladesh